US States With The Most National Forests - Statistics

General Stats
  • This quiz has been taken 73 times
  • The average score is 10 of 11
Answer Stats
Forests Answer % Correct
20 California
100%
10 Montana
98%
12 Colorado
97%
12 Oregon
97%
8 Wyoming
97%
7 Washington
95%
6 Arizona
93%
11 Idaho
93%
7 New Mexico
90%
6 Utah
90%
6 Mississippi
47%
No matching quizzes found
Score Distribution
Percent of People with Each Score
Percentile by Number Answered
Your Score History
You have not taken this quiz